Country Flags by Increasing Difficulty - Statistics

General Stats
  • This quiz has been taken 589 times
  • The average score is 23 of 24
Answer Stats
Picture Answer % Correct
Australia
100%
Brazil
100%
Canada
100%
France
100%
Mexico
100%
South Africa
100%
South Korea
100%
Cyprus
99%
Ukraine
99%
Iran
98%
Pakistan
98%
Uruguay
97%
Barbados
96%
Thailand
96%
Taiwan
94%
Niger
93%
Yemen
92%
Maldives
91%
Botswana
90%
Malawi
88%
Togo
85%
Vanuatu
81%
Gambia
79%
Bolivia
78%
No matching quizzes found
Score Distribution
Percent of People with Each Score
Percentile by Number Answered
Your Score History
You have not taken this quiz